00983nam a22002417i 4500003000900000005001700009007000300026008004100029040003100070082001700101100004100118245019300159250002300352264007000375300003000445336002700475337003300502338003000535504003900565700004100604700003700645710005900682DO-SdBNP20250205133431.0ta240402b1984 dr ||||| |||| 00| 0 spa d aDO-SdBNPbspacBNPHU erda 4222axxxbxxx1 aMaríñez, Pablo A., eautor4aut. aResistencia campesina, imperialismo y reforma agraria en República Dominicana (1899-1978) /cPablo A. Maríñez ; edición al cuidado, Eduardo Díaz Guerra ; prólogo, Roger Bartra. aPrimera edición  1aSanto Domingo, Républica Dominicana :bEdiciones CEPAE, c1984. a152 páginas ; c21 cm.  atextobtxt2rdacontent asin mediaciónbn2rdamedia avolumen bnc2rdacarrier aBibliografía : páginas 147-1521 aDíaz Guerra, Eduardo,eeditor4ed.1 aBartra, Roger,eprologuista4pr.2 aCentro de Planificación y Acción Ecuménica CEPAE